عرض عادي
عرض مارك
- المدرسون
مدخل مصطلح موضوعي
001 - رقم الضبط
- حقل الضبط: 16733
003 - معرف رقم الضبط
- حقل الضبط: OSt
005 - تاريخ ووقت أخر عملية
- حقل الضبط: 20120729151246.0
008 - عناصر بيانات ثابتة الطول
- حقل تحكم ثابت الطول: 120729|||a|||||| | ||| d
040 ## - مصدر الفهرسة
- هيئة الفهرسة الأصلية: OSt
- وكالة الكتابة: OSt
150 ## - مدخل-- مصطلح تاريخي
- عنصر مدخل المصطلح الموضوعي او الاسم الجغرافي: المدرسون
- تفريع عام: علم نفس.
670 ## - بيانات المصدر موجوده
- الاستشهاد بالمصدر: Work cat.: (OSt): علي، عماد أحمد حسن. 16731, القياس النفسي والتقويم التربوي للمعلمين بين النظرية والتطبيق /, 2010
